000 00975nam a2200253 a 4500
001 17252
003 BD-RjUL
005 20211209000118.0
008 140216s1964 b 001 0 eng d
035 _a(BD-RjUL)17310
040 _aVCAV
_beng
_cVCAV
_dABN-SNR
_dBD-RjUL
041 _aeng
082 0 4 _a658.01
_bTOW 1964
245 1 0 _aToward a unified theory of management :
_ba symposium held at the Graduate School of Business Administration, University of California, Los Angeles, November 8 and 9, 1962.
_cHarold Koontz.
260 _aNew York :
_bMcGraw-Hill Book Co,
_cc1964.
300 _axiv, 273 p ;
_c21 cm.
504 _aIncludes bibliographical references and indexes.
650 0 _aIndustrial management.
_953194
700 1 _aKoontz, Harold,
_d1908-
_9231475
710 2 _aUniversity of California, Berkeley.
_bGraduate School of Business Administration.
_953195
942 _2ddc
_cBK
999 _c17252
_d17252